| 000 | 01291nam a22002297a 4500 | ||
|---|---|---|---|
| 003 | NALT | ||
| 005 | 20240724233211.0 | ||
| 008 | s2547 th tha d | ||
| 040 | _aNALT | ||
| 041 | _atha | ||
| 050 |
_aJS7408.2.Ph39 _bส265ค |
||
| 245 | 1 | 0 | _aโครงการการถ่ายโอนภารกิจผังเมืองสู่ท้องถิ่น กรณีศึกษา องค์การบริหารส่วนตำบลท่าวังทอง อำเภอเมือง จังหวัดพะเยา |
| 260 | 3 |
_aกรุงเทพฯ : _bสำนักงานกองทุนสนับสนุนการวิจัย, _c2547 |
|
| 300 |
_a71 หน้า : _bภาพประกอบ, แผนที่, ตาราง ; _c29 ซม. |
||
| 650 | 0 | 4 | _aผังเมือง |
| 650 | 0 | 4 | _aองค์การบริหารส่วนตำบล -- การจัดทำผังเมือง -- วิจัย |
| 650 | 0 | 4 | _aองค์การบริหารส่วนตำบล -- วิจัย |
| 700 | 0 | _aตา สุธรรมเม็ง | |
| 850 | _aNALT | ||
| 942 |
_cRSH _2lcc |
||
| 999 |
_c42900 _d42900 |
||
| 998 |
_j109 _k อารีรัตน์ วิชาช่าง |
||